Statistics for NCAA Division 1 schools in Texas

Click here to take the quiz!

General Stats

  • This quiz has been taken 1,718 times
    (596 since last reset)
  • The average score is 15 of 24

Answer Stats

Primary ConferenceFull nameAnswer% Correct
Big 12University of Texas at AustinTexas
100%
Big 12Texas Tech UniversityTexas Tech
96%
SECTexas A&M UniversityTexas A&M
95%
Big 12Baylor UniversityBaylor
91%
AmericanUniversity of HoustonHouston
91%
Big 12Texas Christian UniversityTCU
89%
CUSAUniversity of Texas at San AntonioUTSA
85%
CUSAUniversity of Texas at El PasoUTEP
82%
Sun BeltTexas State UniversityTexas State
80%
CUSAUniversity of North TexasNorth Texas
79%
CUSARice UniversityRice
71%
AmericanSouthern Methodist UniversitySMU
70%
SWACTexas Southern UniversityTexas Southern
52%
WACSam Houston State UniversitySam Houston
49%
Sun BeltUniversity of Texas at ArlingtonUT Arlington
49%
SouthlandTexas A&M University–Corpus ChristiTexas A&M–Corpus Christi
46%
WACStephen F. Austin State UniversityStephen F. Austin
45%
WACAbilene Christian UniversityAbilene Christian
43%
SWACPrairie View A&M UniversityPrairie View A&M
31%
WACTarleton State UniversityTarleton
31%
WACLamar UniversityLamar
30%
SouthlandHouston Baptist UniversityHouston Baptist
29%
SouthlandUniversity of the Incarnate WordIncarnate Word
28%
WACUniversity of Texas at Rio Grande ValleyUTRGV
26%

Score Distribution

Percentile by Number Answered

Percent of People with Each Score

Your Score History

You have not taken this quiz since the last reset